• 首页
  • 本馆介绍
  • 公告通知
  • 最新文献
  • 馆藏检索
  • 电子资源
  • 读者导购
  • 参考咨询
  • 我的图书馆
  • 登录
  • 详细信息显示
  • 放入我的书架
  • 预约/预借图书
  • 作者相关作品
  • 分类相关作品
  • 丛书相关作品
  • 出版社相关作品

书目信息

  • 表格格式
  • 工作单格式
  • 卡片格式
题名:
城市森林基础设施建设指南
    
 
作者: 樊宝敏 著
分册:  
出版信息: 北京   中国林业出版社  2017
页数: 10, 138页
开本: 24cm
丛书名:
单 册:
中图分类: S731.2-62
科图分类:
主题词: 城市林--cheng shi lin--基础设施建设--中国--指南
电子资源:
ISBN: 978-7-5038-8964-6
000 01019nam0 2200265 450
001 012001001942
005 20131109132848.0
010    @a978-7-5038-8964-6@dCNY76.00
099    @aCAL 012017148610
100    @a20171024d2017 em y0chiy50 ea
101 0  @achi
102    @aCN@b110000
105    @aak a 000yy
106    @ar
200 1  @a城市森林基础设施建设指南@Acheng shi sen lin ji chu she shi jian she zhi nan@e以北京市平原生态林为例@f樊宝敏等著
210    @a北京@c中国林业出版社@d2017
215    @a10, 138页@c图 (部分彩图)@d24cm
320    @a有书目 (第101-104页)
330    @a本书以北京市平原生态林为例,从建筑类、道路类、水利类、标识类、边界围栏类、配套类、机械类基础设施几个方面,对城市森林基础设施建设提供了指南,具有较高的参考价值。
333    @a适用于从事城市基础设施建设的工程人员及相关读者。
606 0  @a城市林@Acheng shi lin@x基础设施建设@y中国@j指南
690    @aS731.2-62@v5
701  0 @a樊宝敏@Afan bao min@4著
801  0 @aCN@b北京卓展@c20191020
905    @b1199293-6@dS731.2-62@e140@f4
    
    城市森林基础设施建设指南:以北京市平原生态林为例/樊宝敏等著.-北京:中国林业出版社,2017
    10, 138页:图 (部分彩图);24cm
    使用对象:适用于从事城市基础设施建设的工程人员及相关读者。
    
    ISBN 978-7-5038-8964-6:CNY76.00
    本书以北京市平原生态林为例,从建筑类、道路类、水利类、标识类、边界围栏类、配套类、机械类基础设施几个方面,对城市森林基础设施建设提供了指南,具有较高的参考价值。
●
相关链接 在E读中查询图书 在五车中查询图书 在当当中查询图书 在豆瓣中查询图书


正题名:城市森林基础设施建设指南     索取号:S731.2-62/140         预约/预借

序号 登录号 条形码 馆藏地/架位号 状态 备注
1 1199293   211992931   第二样本阅览室/ [索取号:S731.2-62/140] 在馆    
2 1199294   211992940   第三借阅区/ [索取号:S731.2-62/140] 在馆    
3 1199295   211992959   第三借阅区/ [索取号:S731.2-62/140] 在馆    
4 1199296   211992968   第三借阅区/ [索取号:S731.2-62/140] 在馆    
唐山师范学院图书馆 欢迎您!
大连网信软件有限公司© 版权所有